000 00308nam a22001337a 4500
008 170202b xxu||||| |||| 00| 0 eng d
020 _a9781416000235
041 _aeng
080 _28TH
_a61
100 _a3
101 _aSHM
245 _aCECIL REVIEW OF GENERAL INTERNAL MEDICINE
_cCOOPER
942 _2udc
_cBK
999 _c4305
_d4305